[Event "ODJM B 2025"]
[Site "Willingen GER"]
[Date "2025.06.11"]
[Round "5"]
[White "Zielke, Marek"]
[Black "Wang, Enya Marie"]
[Result "1/2-1/2"]
[Termination "normal"]
[Board "44"]
[WhiteElo "1572"]
[BlackElo "1649"]
[WhiteClock "00:13:39"]
[BlackClock "00:24:48"]
[PlyCount "99"]
[WhiteFideId "34661808"]
[BlackFideId "34660330"]
[EventCountry "GER"]
[EventRounds "9"]
[EventType "swiss"]
[EventDate "2025.06.07"]

1. e4 {[%clk 01:30:56]} {[%emt 00:00:04]} e5 {[%clk 01:30:51]} {[%emt
00:00:09]} 2. Nf3 {[%clk 01:31:19]} {[%emt 00:00:07]} Nc6 {[%clk 01:31:11]}
{[%emt 00:00:09]} 3. Bc4 {[%clk 01:31:44]} {[%emt 00:00:05]} Nf6 {[%clk
01:31:33]} {[%emt 00:00:08]} 4. Ng5 {[%clk 01:31:57]} {[%emt 00:00:17]} d5
{[%clk 01:31:54]} {[%emt 00:00:10]} 5. exd5 {[%clk 01:32:22]} {[%emt 00:00:05]}
Na5 {[%clk 01:32:17]} {[%emt 00:00:07]} 6. Bb5+ {[%clk 01:32:46]} {[%emt
00:00:06]} Bd7 {[%clk 01:32:20]} {[%emt 00:00:26]} 7. Bxd7+ {[%clk 01:31:48]}
{[%emt 00:01:29]} Qxd7 {[%clk 01:32:37]} {[%emt 00:00:13]} 8. O-O {[%clk
01:28:27]} {[%emt 00:03:51]} Nxd5 {[%clk 01:29:39]} {[%emt 00:03:27]} 9. Re1
{[%clk 01:26:29]} {[%emt 00:02:26]} O-O-O {[%clk 01:27:29]} {[%emt 00:02:41]}
10. d4 {[%clk 01:16:05]} {[%emt 00:10:55]} f6 {[%clk 01:18:47]} {[%emt
00:09:12]} 11. Nf3 {[%clk 01:11:25]} {[%emt 00:05:10]} Ne7 {[%clk 01:16:11]}
{[%emt 00:03:05]} 12. Bd2 {[%clk 01:10:29]} {[%emt 00:01:26]} Nc4 {[%clk
01:04:04]} {[%emt 00:12:37]} 13. dxe5 {[%clk 00:58:33]} {[%emt 00:12:26]} Nxb2
{[%clk 00:56:59]} {[%emt 00:07:34]} 14. Qc1 {[%clk 00:58:06]} {[%emt 00:00:57]}
Nc4 {[%clk 00:56:46]} {[%emt 00:00:43]} 15. exf6 {[%clk 00:58:20]} {[%emt
00:00:17]} gxf6 {[%clk 00:56:56]} {[%emt 00:00:19]} 16. Bc3 {[%clk 00:55:45]}
{[%emt 00:03:04]} Nd5 {[%clk 00:54:21]} {[%emt 00:03:05]} 17. Re4 {[%clk
00:26:36]} {[%emt 00:29:41]} b5 {[%clk 00:44:39]} {[%emt 00:10:11]} 18. a4
{[%clk 00:23:54]} {[%emt 00:03:13]} Nxc3 {[%clk 00:37:44]} {[%emt 00:07:25]}
19. Nxc3 {[%clk 00:23:58]} {[%emt 00:00:26]} f5 {[%clk 00:30:34]} {[%emt
00:07:40]} 20. Rd4 {[%clk 00:22:52]} {[%emt 00:01:37]} Qe8 {[%clk 00:24:11]}
{[%emt 00:06:53]} 21. axb5 {[%clk 00:15:34]} {[%emt 00:07:48]} Rxd4 {[%clk
00:17:46]} {[%emt 00:06:55]} 22. Nxd4 {[%clk 00:15:56]} {[%emt 00:00:08]} Bg7
{[%clk 00:17:19]} {[%emt 00:00:56]} 23. Rxa7 {[%clk 00:14:37]} {[%emt
00:01:50]} Nb6 {[%clk 00:13:43]} {[%emt 00:04:06]} 24. Nce2 {[%clk 00:12:58]}
{[%emt 00:02:09]} Qe4 {[%clk 00:10:59]} {[%emt 00:03:13]} 25. Qe3 {[%clk
00:09:48]} {[%emt 00:03:41]} Rd8 {[%clk 00:09:48]} {[%emt 00:01:41]} 26. Qxe4
{[%clk 00:09:28]} {[%emt 00:00:50]} fxe4 {[%clk 00:10:13]} {[%emt 00:00:05]}
27. c3 {[%clk 00:09:37]} {[%emt 00:00:20]} Rd6 {[%clk 00:08:09]} {[%emt
00:02:35]} 28. g3 {[%clk 00:08:53]} {[%emt 00:01:15]} Bf6 {[%clk 00:07:59]}
{[%emt 00:00:40]} 29. Nf4 {[%clk 00:08:27]} {[%emt 00:00:55]} Bxd4 {[%clk
00:07:21]} {[%emt 00:01:08]} 30. cxd4 {[%clk 00:08:49]} {[%emt 00:00:08]} Rxd4
{[%clk 00:07:09]} {[%emt 00:00:42]} 31. Rxc7+ {[%clk 00:09:06]} {[%emt
00:00:13]} Kxc7 {[%clk 00:07:35]} {[%emt 00:00:05]} 32. Ne6+ {[%clk 00:09:28]}
{[%emt 00:00:08]} Kd6 {[%clk 00:07:52]} {[%emt 00:00:13]} 33. Nxd4 {[%clk
00:09:45]} {[%emt 00:00:13]} Kc5 {[%clk 00:07:40]} {[%emt 00:00:37]} 34. Ne6+
{[%clk 00:10:09]} {[%emt 00:00:10]} Kxb5 {[%clk 00:07:40]} {[%emt 00:00:32]}
35. Ng5 {[%clk 00:10:28]} {[%emt 00:00:10]} h6 {[%clk 00:07:20]} {[%emt
00:00:50]} 36. Nxe4 {[%clk 00:10:54]} {[%emt 00:00:04]} Nd7 {[%clk 00:07:24]}
{[%emt 00:00:26]} 37. Nd6+ {[%clk 00:09:33]} {[%emt 00:01:51]} Kc6 {[%clk
00:07:46]} {[%emt 00:00:08]} 38. Nf5 {[%clk 00:09:52]} {[%emt 00:00:11]} h5
{[%clk 00:08:10]} {[%emt 00:00:06]} 39. Kg2 {[%clk 00:09:37]} {[%emt 00:00:45]}
Kd5 {[%clk 00:06:00]} {[%emt 00:02:39]} 40. Kh3 {[%clk 00:09:41]} {[%emt
00:00:27]} Ke4 {[%clk 00:06:08]} {[%emt 00:00:21]} 41. Ng7 {[%clk 00:04:14]}
{[%emt 00:05:58]} Kf3 {[%clk 00:06:19]} {[%emt 00:00:18]} 42. Nxh5 {[%clk
00:04:20]} {[%emt 00:00:25]} Kxf2 {[%clk 00:06:35]} {[%emt 00:00:14]} 43. Kg4
{[%clk 00:03:06]} {[%emt 00:01:43]} Ne5+ {[%clk 00:06:02]} {[%emt 00:01:03]}
44. Kf5 {[%clk 00:02:59]} {[%emt 00:00:37]} Nf3 {[%clk 00:04:59]} {[%emt
00:01:34]} 45. Kf4 {[%clk 00:26:35]} {[%emt 00:06:54]} Nxh2 {[%clk 00:33:33]}
{[%emt 00:01:56]} 46. Nf6 {[%clk 00:26:54]} {[%emt 00:00:11]} Kg2 {[%clk
00:32:04]} {[%emt 00:01:58]} 47. Nd5 {[%clk 00:25:20]} {[%emt 00:02:05]} Kf2
{[%clk 00:30:05]} {[%emt 00:02:27]} 48. Nc3 {[%clk 00:20:04]} {[%emt 00:05:48]}
Kg2 {[%clk 00:28:00]} {[%emt 00:02:35]} 49. Ne4 {[%clk 00:20:28]} {[%emt
00:00:06]} Kh3 {[%clk 00:24:48]} {[%emt 00:03:39]} 50. Ng5+ {[%clk 00:13:39]}
{[%emt 00:07:22]} 1/2-1/2

[Event "ODJM B 2025"]
[Site "Willingen GER"]
[Date "2025.06.11"]
[Round "5"]
[White "Klemm, Julian"]
[Black "Meyer, Hugo"]
[Result "1/2-1/2"]
[Termination "normal"]
[Board "45"]
[WhiteElo "1540"]
[BlackElo "1591"]
[WhiteClock "00:08:04"]
[BlackClock "00:19:28"]
[PlyCount "63"]
[WhiteFideId "533001901"]
[BlackFideId "533005249"]
[EventCountry "GER"]
[EventRounds "9"]
[EventType "swiss"]
[EventDate "2025.06.07"]

1. e4 {[%clk 01:30:52]} {[%emt 00:00:07]} c5 {[%clk 01:30:42]} {[%emt
00:00:19]} 2. Nf3 {[%clk 01:31:07]} {[%emt 00:00:14]} d6 {[%clk 01:31:00]}
{[%emt 00:00:12]} 3. d4 {[%clk 01:31:23]} {[%emt 00:00:14]} cxd4 {[%clk
01:31:22]} {[%emt 00:00:08]} 4. Nxd4 {[%clk 01:31:47]} {[%emt 00:00:06]} Nf6
{[%clk 01:31:36]} {[%emt 00:00:16]} 5. Nc3 {[%clk 01:32:07]} {[%emt 00:00:10]}
g6 {[%clk 01:32:01]} {[%emt 00:00:05]} 6. Be3 {[%clk 01:32:23]} {[%emt
00:00:14]} Bg7 {[%clk 01:32:22]} {[%emt 00:00:08]} 7. f3 {[%clk 01:32:42]}
{[%emt 00:00:12]} O-O {[%clk 01:32:41]} {[%emt 00:00:12]} 8. Qd2 {[%clk
01:33:00]} {[%emt 00:00:11]} Nc6 {[%clk 01:32:48]} {[%emt 00:00:23]} 9. g4
{[%clk 01:33:12]} {[%emt 00:00:18]} Be6 {[%clk 01:32:54]} {[%emt 00:00:25]} 10.
O-O-O {[%clk 01:33:01]} {[%emt 00:00:41]} Ne5 {[%clk 01:32:44]} {[%emt
00:00:40]} 11. h4 {[%clk 01:32:53]} {[%emt 00:00:38]} h5 {[%clk 01:24:25]}
{[%emt 00:08:49]} 12. gxh5 {[%clk 01:24:12]} {[%emt 00:09:11]} Nxh5 {[%clk
01:23:44]} {[%emt 00:01:11]} 13. Be2 {[%clk 01:21:29]} {[%emt 00:03:13]} Bc4
{[%clk 01:15:09]} {[%emt 00:09:05]} 14. Rdg1 {[%clk 01:03:01]} {[%emt
00:18:57]} Bxe2 {[%clk 01:10:04]} {[%emt 00:05:35]} 15. Qxe2 {[%clk 01:02:59]}
{[%emt 00:00:32]} Rc8 {[%clk 01:04:58]} {[%emt 00:05:36]} 16. f4 {[%clk
00:58:34]} {[%emt 00:04:55]} Nc4 {[%clk 01:00:00]} {[%emt 00:05:29]} 17. f5
{[%clk 00:53:36]} {[%emt 00:05:28]} Qb6 {[%clk 00:57:15]} {[%emt 00:03:15]} 18.
Na4 {[%clk 00:32:02]} {[%emt 00:22:04]} Qb4 {[%clk 00:52:34]} {[%emt 00:05:10]}
19. fxg6 {[%clk 00:26:18]} {[%emt 00:06:13]} fxg6 {[%clk 00:47:56]} {[%emt
00:05:09]} 20. Rxg6 {[%clk 00:22:45]} {[%emt 00:04:03]} Nxe3 {[%clk 00:36:28]}
{[%emt 00:11:58]} 21. Qxe3 {[%clk 00:15:07]} {[%emt 00:08:08]} Qxa4 {[%clk
00:35:58]} {[%emt 00:01:00]} 22. Rhg1 {[%clk 00:13:07]} {[%emt 00:02:30]} Qc4
{[%clk 00:22:07]} {[%emt 00:14:21]} 23. Rxg7+ {[%clk 00:05:36]} {[%emt
00:08:01]} Nxg7 {[%clk 00:22:25]} {[%emt 00:00:13]} 24. Rxg7+ {[%clk 00:05:59]}
{[%emt 00:00:06]} Kxg7 {[%clk 00:22:46]} {[%emt 00:00:10]} 25. Qg5+ {[%clk
00:06:11]} {[%emt 00:00:17]} Kf7 {[%clk 00:21:59]} {[%emt 00:01:18]} 26. Qh5+
{[%clk 00:06:35]} {[%emt 00:00:06]} Kg7 {[%clk 00:21:53]} {[%emt 00:00:37]} 27.
Qg5+ {[%clk 00:06:46]} {[%emt 00:00:18]} Kf7 {[%clk 00:21:02]} {[%emt
00:01:21]} 28. Qh5+ {[%clk 00:07:05]} {[%emt 00:00:12]} Kg8 {[%clk 00:21:09]}
{[%emt 00:00:23]} 29. Qg6+ {[%clk 00:07:15]} {[%emt 00:00:18]} Kh8 {[%clk
00:19:13]} {[%emt 00:02:28]} 30. Qh6+ {[%clk 00:07:16]} {[%emt 00:00:29]} Kg8
{[%clk 00:19:07]} {[%emt 00:00:36]} 31. Qg6+ {[%clk 00:07:41]} {[%emt
00:00:05]} Kh8 {[%clk 00:19:28]} {[%emt 00:00:08]} 32. Qh6+ {[%clk 00:08:04]}
{[%emt 00:00:07]} 1/2-1/2

[Event "ODJM B 2025"]
[Site "Willingen GER"]
[Date "2025.06.11"]
[Round "5"]
[White "Schille, Marlene"]
[Black "Stelter, Finja"]
[Result "0-1"]
[Termination "normal"]
[Board "46"]
[WhiteElo "1461"]
[BlackElo "1730"]
[WhiteClock "00:28:42"]
[BlackClock "00:19:03"]
[PlyCount "120"]
[WhiteFideId "533000670"]
[BlackFideId "16298624"]
[EventCountry "GER"]
[EventRounds "9"]
[EventType "swiss"]
[EventDate "2025.06.07"]

1. e4 {[%clk 01:30:56]} {[%emt 00:00:04]} c5 {[%clk 01:30:49]} {[%emt
00:00:11]} 2. Nf3 {[%clk 01:31:16]} {[%emt 00:00:10]} Nc6 {[%clk 01:31:05]}
{[%emt 00:00:14]} 3. d4 {[%clk 01:31:30]} {[%emt 00:00:16]} cxd4 {[%clk
01:31:29]} {[%emt 00:00:07]} 4. Nxd4 {[%clk 01:31:55]} {[%emt 00:00:05]} d6
{[%clk 01:31:19]} {[%emt 00:00:39]} 5. Nc3 {[%clk 01:31:06]} {[%emt 00:01:19]}
g6 {[%clk 01:31:36]} {[%emt 00:00:13]} 6. Be3 {[%clk 01:30:33]} {[%emt
00:01:03]} Bg7 {[%clk 01:31:10]} {[%emt 00:00:56]} 7. Qd2 {[%clk 01:27:35]}
{[%emt 00:03:28]} Nf6 {[%clk 01:29:23]} {[%emt 00:02:16]} 8. O-O-O {[%emt
00:09:26]} Ng4 {[%clk 01:23:28]} 9. Nxc6 {[%clk 01:16:36]} {[%emt 00:09:00]}
bxc6 {[%clk 01:23:45]} {[%emt 00:00:13]} 10. Bd4 {[%clk 01:15:23]} {[%emt
00:01:42]} Bh6 {[%clk 01:12:00]} {[%emt 00:12:14]} 11. Be3 {[%clk 01:05:50]}
{[%emt 00:10:05]} Nxe3 {[%clk 01:10:38]} {[%emt 00:01:52]} 12. fxe3 {[%clk
01:04:18]} {[%emt 00:02:01]} Qb6 {[%clk 01:09:41]} {[%emt 00:01:21]} 13. Re1
{[%clk 01:00:03]} {[%emt 00:04:51]} Rb8 {[%clk 01:07:28]} {[%emt 00:02:39]} 14.
Na4 {[%clk 00:52:32]} {[%emt 00:08:05]} Qb7 {[%clk 01:04:52]} {[%emt 00:03:05]}
15. Bc4 {[%clk 00:43:38]} {[%emt 00:09:25]} Bg7 {[%clk 00:59:36]} {[%emt
00:05:46]} 16. Bb3 {[%clk 00:34:37]} {[%emt 00:09:31]} Bd7 {[%clk 00:51:34]}
{[%emt 00:08:30]} 17. Qd3 {[%clk 00:27:56]} {[%emt 00:07:14]} O-O {[%clk
00:47:53]} {[%emt 00:04:10]} 18. Rhf1 {[%clk 00:26:05]} {[%emt 00:02:21]} c5
{[%clk 00:43:16]} {[%emt 00:05:07]} 19. Nc3 {[%clk 00:21:41]} {[%emt 00:04:54]}
Bxc3 {[%clk 00:34:28]} {[%emt 00:09:18]} 20. Qxc3 {[%clk 00:20:43]} {[%emt
00:01:28]} Qxe4 {[%clk 00:32:58]} {[%emt 00:01:59]} 21. Rf2 {[%clk 00:19:25]}
{[%emt 00:01:48]} Be6 {[%clk 00:26:51]} {[%emt 00:06:36]} 22. Bxe6 {[%clk
00:17:17]} {[%emt 00:02:40]} Qxe6 {[%clk 00:26:59]} {[%emt 00:00:23]} 23. b3
{[%clk 00:15:39]} {[%emt 00:02:07]} Rb4 {[%clk 00:23:53]} {[%emt 00:03:30]} 24.
a3 {[%clk 00:13:12]} {[%emt 00:03:03]} Re4 {[%clk 00:21:56]} {[%emt 00:02:27]}
25. Rf4 {[%clk 00:11:03]} {[%emt 00:02:39]} f5 {[%clk 00:20:14]} {[%emt
00:02:11]} 26. Rxe4 {[%clk 00:09:23]} {[%emt 00:02:11]} Qxe4 {[%clk 00:19:31]}
{[%emt 00:01:14]} 27. Re2 {[%clk 00:08:50]} {[%emt 00:01:02]} Rc8 {[%clk
00:15:57]} {[%emt 00:04:02]} 28. Qc4+ {[%clk 00:07:48]} {[%emt 00:01:35]} Qxc4
{[%clk 00:15:31]} {[%emt 00:00:55]} 29. bxc4 {[%clk 00:08:17]} {[%emt
00:00:01]} Rb8 {[%clk 00:14:25]} {[%emt 00:01:36]} 30. Kd2 {[%clk 00:08:25]}
{[%emt 00:00:22]} a5 {[%clk 00:13:50]} {[%emt 00:01:05]} 31. Re1 {[%clk
00:08:09]} {[%emt 00:00:45]} Kf7 {[%clk 00:13:07]} {[%emt 00:01:13]} 32. g3
{[%clk 00:08:23]} {[%emt 00:00:16]} Ke6 {[%clk 00:11:47]} {[%emt 00:01:48]} 33.
h4 {[%clk 00:08:34]} {[%emt 00:00:21]} h5 {[%clk 00:11:34]} {[%emt 00:00:44]}
34. Rd1 {[%clk 00:06:56]} {[%emt 00:02:06]} Kf6 {[%clk 00:10:30]} {[%emt
00:01:35]} 35. Rf1 {[%clk 00:06:26]} {[%emt 00:00:59]} Rb2 {[%clk 00:10:23]}
{[%emt 00:00:30]} 36. Kc3 {[%clk 00:06:41]} {[%emt 00:00:22]} Rb6 {[%clk
00:09:24]} {[%emt 00:01:28]} 37. Kd3 {[%clk 00:05:20]} {[%emt 00:01:53]} a4
{[%clk 00:08:04]} {[%emt 00:01:50]} 38. Kc3 {[%clk 00:05:30]} {[%emt 00:00:20]}
e5 {[%clk 00:06:15]} {[%emt 00:02:20]} 39. Rd1 {[%clk 00:04:26]} {[%emt
00:01:34]} g5 {[%clk 00:04:07]} {[%emt 00:02:38]} 40. Rf1 {[%clk 00:03:43]}
{[%emt 00:01:14]} Rb7 {[%clk 00:02:27]} {[%emt 00:02:08]} 41. Rd1 {[%clk
00:03:10]} {[%emt 00:01:05]} Ke6 {[%clk 00:29:18]} {[%emt 00:03:39]} 42. Rg1
{[%clk 00:31:07]} {[%emt 00:02:32]} Rg7 {[%clk 00:27:21]} {[%emt 00:02:27]} 43.
Rh1 {[%clk 00:30:06]} {[%emt 00:01:32]} gxh4 {[%clk 00:26:25]} {[%emt
00:01:26]} 44. gxh4 {[%clk 00:30:04]} {[%emt 00:00:31]} Rg3 {[%clk 00:25:25]}
{[%emt 00:01:31]} 45. Kd2 {[%clk 00:30:03]} {[%emt 00:00:30]} f4 {[%clk
00:23:55]} {[%emt 00:02:00]} 46. exf4 {[%clk 00:29:05]} {[%emt 00:01:27]} exf4
{[%clk 00:23:50]} {[%emt 00:00:36]} 47. c3 {[%clk 00:28:39]} {[%emt 00:00:57]}
Kf5 {[%clk 00:21:10]} {[%emt 00:03:09]} 48. Kc2 {[%clk 00:26:49]} {[%emt
00:02:18]} Rg2+ {[%clk 00:19:03]} {[%emt 00:02:39]} 49. Kd3 {[%clk 00:26:42]}
{[%emt 00:00:36]} Rg3+ {[%clk 00:17:42]} {[%emt 00:01:52]} 50. Kd2 {[%clk
00:27:01]} {[%emt 00:00:12]} Kg4 {[%clk 00:17:49]} {[%emt 00:00:22]} 51. Kc2
{[%clk 00:27:13]} {[%emt 00:00:19]} Rh3 {[%clk 00:17:51]} {[%emt 00:00:28]} 52.
Rxh3 {[%clk 00:26:11]} {[%emt 00:01:32]} Kxh3 {[%clk 00:18:14]} {[%emt
00:00:07]} 53. Kd2 {[%clk 00:26:39]} {[%emt 00:00:02]} Kxh4 {[%clk 00:18:31]}
{[%emt 00:00:12]} 54. Ke2 {[%clk 00:27:06]} {[%emt 00:00:04]} Kg3 {[%clk
00:18:14]} {[%emt 00:00:48]} 55. Kf1 {[%clk 00:27:32]} {[%emt 00:00:04]} h4
{[%clk 00:18:00]} {[%emt 00:00:43]} 56. Kg1 {[%clk 00:27:58]} {[%emt 00:00:04]}
h3 {[%clk 00:18:10]} {[%emt 00:00:20]} 57. Kh1 {[%clk 00:27:47]} {[%emt
00:00:41]} f3 {[%clk 00:18:22]} {[%emt 00:00:17]} 58. Kg1 {[%clk 00:28:14]}
{[%emt 00:00:04]} f2+ {[%clk 00:18:39]} {[%emt 00:00:13]} 59. Kf1 {[%clk
00:28:15]} {[%emt 00:00:28]} h2 {[%clk 00:18:58]} {[%emt 00:00:11]} 60. Ke2
{[%clk 00:28:42]} {[%emt 00:00:03]} h1=Q {[%clk 00:19:03]} {[%emt 00:00:25]}
0-1

[Event "ODJM B 2025"]
[Site "Willingen GER"]
[Date "2025.06.11"]
[Round "5"]
[White "Hoffmann, Sophia"]
[Black "Winkler, Frida"]
[Result "1-0"]
[Termination "normal"]
[Board "47"]
[WhiteElo "1664"]
[BlackElo "1558"]
[WhiteClock "00:34:01"]
[BlackClock "00:21:52"]
[PlyCount "59"]
[WhiteFideId "16259130"]
[BlackFideId "34622322"]
[EventCountry "GER"]
[EventRounds "9"]
[EventType "swiss"]
[EventDate "2025.06.07"]

1. f4 {[%clk 01:30:54]} {[%emt 00:00:05]} d5 {[%clk 01:23:36]} {[%emt
00:07:25]} 2. Nf3 {[%clk 01:31:06]} {[%emt 00:00:18]} Nc6 {[%clk 01:23:27]}
{[%emt 00:00:39]} 3. e3 {[%clk 01:31:24]} {[%emt 00:00:12]} Nf6 {[%clk
01:17:51]} {[%emt 00:06:05]} 4. Bb5 {[%clk 01:31:13]} {[%emt 00:00:41]} Bd7
{[%clk 01:17:39]} {[%emt 00:00:42]} 5. b3 {[%clk 01:31:11]} {[%emt 00:00:33]}
a6 {[%clk 01:15:51]} {[%emt 00:02:17]} 6. Bxc6 {[%clk 01:29:33]} {[%emt
00:02:10]} Bxc6 {[%clk 01:15:34]} {[%emt 00:00:47]} 7. Bb2 {[%clk 01:29:45]}
{[%emt 00:00:17]} e6 {[%clk 01:03:56]} {[%emt 00:12:08]} 8. O-O {[%clk
01:29:05]} {[%emt 00:01:11]} Be7 {[%clk 00:59:17]} {[%emt 00:05:09]} 9. d3
{[%clk 01:28:36]} {[%emt 00:00:59]} O-O {[%clk 00:58:50]} {[%emt 00:00:57]} 10.
Nbd2 {[%clk 01:27:43]} {[%emt 00:01:22]} b5 {[%clk 00:48:38]} {[%emt 00:10:41]}
11. Ne5 {[%clk 01:19:58]} {[%emt 00:08:17]} Bb7 {[%clk 00:46:52]} {[%emt
00:02:14]} 12. Qe1 {[%clk 01:13:48]} {[%emt 00:06:42]} c5 {[%clk 00:43:25]}
{[%emt 00:03:57]} 13. Ndf3 {[%clk 01:10:24]} {[%emt 00:03:54]} Nh5 {[%clk
00:38:08]} {[%emt 00:05:46]} 14. g4 {[%clk 01:01:58]} {[%emt 00:08:56]} Nf6
{[%clk 00:38:20]} {[%emt 00:00:19]} 15. Qg3 {[%clk 00:58:18]} {[%emt 00:04:10]}
d4 {[%clk 00:36:34]} {[%emt 00:02:17]} 16. exd4 {[%clk 00:53:19]} {[%emt
00:05:29]} cxd4 {[%clk 00:36:26]} {[%emt 00:00:38]} 17. Bxd4 {[%clk 00:51:21]}
{[%emt 00:02:28]} Bxf3 {[%clk 00:34:40]} {[%emt 00:02:16]} 18. Nxf3 {[%clk
00:51:25]} {[%emt 00:00:26]} Qc7 {[%clk 00:34:20]} {[%emt 00:00:48]} 19. c4
{[%clk 00:47:05]} {[%emt 00:04:51]} bxc4 {[%clk 00:33:55]} {[%emt 00:00:55]}
20. dxc4 {[%clk 00:44:48]} {[%emt 00:02:48]} Ne4 {[%clk 00:33:54]} {[%emt
00:00:30]} 21. Qg2 {[%clk 00:43:46]} {[%emt 00:01:30]} Bc5 {[%clk 00:28:15]}
{[%emt 00:06:09]} 22. Bxc5 {[%clk 00:41:03]} {[%emt 00:03:16]} Qxc5+ {[%clk
00:28:36]} {[%emt 00:00:08]} 23. Kh1 {[%clk 00:41:10]} {[%emt 00:00:22]} Qe3
{[%clk 00:27:56]} {[%emt 00:01:07]} 24. Rae1 {[%clk 00:39:38]} {[%emt
00:02:06]} Qd3 {[%clk 00:24:07]} {[%emt 00:04:17]} 25. Ne5 {[%clk 00:37:28]}
{[%emt 00:02:41]} Qd6 {[%clk 00:22:47]} {[%emt 00:01:51]} 26. Qxe4 {[%clk
00:37:08]} {[%emt 00:00:50]} f6 {[%clk 00:22:52]} {[%emt 00:00:24]} 27. Nf3
{[%clk 00:36:06]} {[%emt 00:01:33]} Rfe8 {[%clk 00:22:49]} {[%emt 00:00:33]}
28. Rd1 {[%clk 00:34:51]} {[%emt 00:01:44]} Qa3 {[%clk 00:22:13]} {[%emt
00:01:06]} 29. Rd7 {[%clk 00:33:56]} {[%emt 00:01:24]} Qxa2 {[%clk 00:21:52]}
{[%emt 00:00:52]} 30. Qb7 {[%clk 00:34:01]} {[%emt 00:00:24]} 1-0